• 首页
  • 本馆介绍
  • 公告通知
  • 最新文献
  • 馆藏检索
  • 电子资源
  • 读者导购
  • 参考咨询
  • 我的图书馆
  • 登录
  • 详细信息显示
  • 放入我的书架
  • 预约/预借图书
  • 作者相关作品
  • 分类相关作品
  • 丛书相关作品
  • 出版社相关作品

书目信息

  • 表格格式
  • 工作单格式
  • 卡片格式
题名:
1846年的沙龙
    
 
作者: 波德莱尔 著 ;郭宏安 译
分册:  
出版信息: 桂林   广西师范大学出版社  2002
页数: 514页
开本: 21cm
丛书名: 郭宏安译文集
单 册:
中图分类: I01-53
科图分类:
主题词: 文艺美学
电子资源:
ISBN: 7-5633-3734-2
000 00794nam2 2200241 45
001 0405021043
005 20040502105952.4
010    @a7-5633-3734-2@dCNY28.80
100    @a20040502d2002 km y0chiy0120 ea
101 0  @achi@cfre
105    @a z 000yy
200 1  @a1846年的沙龙@A1846 Nian De Sha Long@e波德莱尔美学论文选@EBo De Lai Er Mei Xue Lun Wen Xuan@f(法)波德莱尔著@F(Fa)Bo De Lai Er Zhu@g郭宏安译
210    @a桂林@c广西师范大学出版社@d2002
215    @a514页@d21cm
225    @a郭宏安译文集
410    @12001 @a郭宏安译文集
517    @a波德莱尔美学论文选@ABo De Lai Er Mei Xue Lun Wen Xuan
606 0  @a文艺美学
690    @aI01-53@v4
701  0 @a波德莱尔@4著
702  0 @a郭宏安@AGuo Hong An@4译
801    @aCN@bTSTCL@c20040502
905    @b334352-356@dI01-53@e268@f5
    
    1846年的沙龙:波德莱尔美学论文选/(法)波德莱尔著/郭宏安译.-桂林:广西师范大学出版社,2002
    514页;21cm.-(郭宏安译文集)
    
    
    ISBN 7-5633-3734-2:CNY28.80
    
●
相关链接 在E读中查询图书 在五车中查询图书 在当当中查询图书 在豆瓣中查询图书


正题名:1846年的沙龙     索取号:I01-53/268         预约/预借

序号 登录号 条形码 馆藏地/架位号 状态 备注
1 0334352   203343523   第二借阅区/ [索取号:I01-53/268] 在馆    
2 0334353   203343532   第二借阅区/ [索取号:I01-53/268] 在馆    
3 0334354   203343541   第二借阅区/ [索取号:I01-53/268] 在馆    
4 0334355   203343550   第二借阅区/ [索取号:I01-53/268] 在馆    
5 0334356   203343569   第一样本阅览室/ [索取号:I01-53/268] 在馆    
唐山师范学院图书馆 欢迎您!
大连网信软件有限公司© 版权所有